01009naa a22001691i 45000010005000000030009000050050017000140080041000310400021000720800011000931000144001042450125002485000021003735200363003946500030007577730052007875199KOSZ 00520180425103414.0140708s2011 pl f |000 0 d cBPKdKOSZ 005/ac a621.951 aRYDZKOWSKI, Tomasz.d1996 -bPolitechnika Koszalińska - Wydział Mechaniczny,cKatedra Procesów i Urządzeń Przemysłu Spożywczego10aWłaściwości mieszanin recyklatów otrzymanych w procesie wytłaczania ślimakowo-tarczowego /cTomasz Rydzkowski. aDane z autopsji. aPrzy użyciu wytłaczarki ślimakowo-tarczowej własnej konstrukcji sporządzono mieszaniny recyklatów tworzyw, o różnym składzie jakościowo-ilościowym. Na podstawie przekrojów poprzecznych i wzdłużnych przeanalizowano jednorodność wytłoczyn uzyskanych w warunkach różnej szerokości szczeliny czołowej wytłaczarki (0,3 - 3mm). 0aWytłaczarka ślimakowa.0 iW :tPolimery. -g2011, T. 56, nr 2, s. 135-139